000 00855cab a22002295a 4500
001 L154074
008 111012e20111007xxk 000 0 eng d
035 _a(Sirsi) u154074
041 0 _aeng
100 1 _aPatterson, Lindy
245 0 0 _aPay back time
260 _c2011
490 _aBuilding
_v276 (8698) 7 October 2011, 57(1)
520 _aLooks at changes to payment provisions in the NEC and ICC contracts resulting from the new Construction Act.
590 _aKA
650 2 4 _aHOUSING GRANTS, CONSTRUCTION AND REGENERATION ACT 1996
650 2 4 _aLOCAL DEMOCRACY, ECONOMIC DEVELOPMENT AND CONSTRUCTION ACT 2009
651 4 _aUnited Kingdom
_y
690 _aBUILT ENVIRONMENT-BUILDING CONTRACT FORMS-STANDARD FORMS OF BUILDING CONTRACT
690 _aBUILT ENVIRONMENT-CONSTRUCTION MANAGEMENT-BUILDING CONTRACT ADMINISTRATION
942 _n0
999 _c83482
_d83482